=LDR 00000nam 2200000 4500 =001 001029 =005 20250712031521 =035 ##$$a 0010-0725000908 =007 ta =008 250712################a##########0#ind## =020 ##$$a 978-623-472-543-8 =082 ##$$a 398.209 598 =084 ##$$a 398.209 598 ECH k =100 ##$$a Echesa, Caren =245 1#$$a Ketujuh Warna Pelangi /$c Caren Echesa =250 ##$$a cetakan pertama =260 ##$$a jakarta :$b badan pengembangan dan pembinaan bahasa,$c 2022 =300 ##$$a 28 hlm. : $b ilus. ; $c 22,9 cm$e 398.209 598 =650 #4$$a cerita anak indonesia =856 ##$$a TBM AS SUHADA =990 ##$$a TBM202400763